000 00431nam a22001577a 4500
003 OSt
005 20140310182442.0
008 130803t xxu||||| |||| 00| 0 eng d
050 _aRS 164
_b.Qu8 1978
245 _aMedical Plants of the Philippines
_cEduardo Quisumbing
260 _aPhilippines :
_bJMC Press
_cc1978.
300 _a1262 p. :
_bill. ;
_c21 cm.
541 _j1
541 _j2
942 _2lcc
_cSSLC
999 _c13545
_d13545